000 00839nac a22002411u 4500
020 _a0706998103
020 _a0706998103
082 0 0 _a620.11
_bK9637
090 _c851
_d851
100 _aKumar, Dharmendra.
245 0 0 _aMaterials science and Manufacturing processes /
_cDharmendra Kumar, S.K. Jain, A.k. Bhargava.
250 _a2nd ed.
260 _aNew Delhi :
_bVikas publishing house PVT LTD,
_c2004.
300 _a410 p. :
_bill. ;
_c24 cm.
500 _aIncludes index.
650 0 _aMaterials.
650 0 _aManufacturing processes.
700 1 _aJain, S.K.
700 1 _aBhargava, A.k.
830 0 _aMaterials engineering (Marcel Dekker, Inc.) ;
942 _cBB
_k620.11K9637
999 _c851
_d851